Filmes de Terror por Imagem - Statistics

Estatísticas Gerais
  • Esse quiz foi jogado 1 116 vezes
  • A pontuação média é 13 de 20
Estatísticas das Respostas
Imagem Resposta % Correto
Pânico
89%
O Massacre da Serra Elétrica
88%
Brinquedo Assassino
87%
O Chamado
84%
O Exorcista
81%
Jogos Mortais
79%
O Iluminado
76%
Halloween
75%
A Hora do Pesadelo
73%
Carrie, A Estranha
70%
Psicose
67%
Sexta-Feira 13
66%
A Bruxa de Blair
61%
O Sexto Sentido
60%
Alien - O 8º Passageiro
51%
Poltergeist
46%
Uma Noite Alucinante: A Morte do Demônio
27%
O Bebê de Rosemary
26%
O Enigma de Outro Mundo
26%
A Mosca
25%
Nenhum quiz correspondente encontrado
Distribuição das Pontuações
Porcentagem de Pessoas com Cada Pontuação
Percentil de Números Respondidos
Sua Pontuação Histórica
Você não jogou esse quiz